Music Quiz

Random Music or Song Quiz

'Blowin' in the Wind' Lyrics Quiz Stats

 Plays Quiz not verified by Sporcle

Challenge
Share
Tweet
Embed
Score 0/187 Timer 08:00
0 Plays Today
% Correct
a
99.8%
a
99.8%
the
99.8%
the
99.8%
and
99.8%
the
99.8%
The
99.8%
the
99.8%
The
99.8%
the
99.8%
and
99.8%
a
99.8%
the
99.8%
and
99.8%
and
99.8%
a
99.8%
and
99.8%
The
99.8%
the
99.8%
The
99.8%
the
99.8%
and
99.8%
a
99.8%
the
99.8%
and
99.8%
and
99.8%
The
99.8%
the
99.8%
The
99.8%
the
99.8%
in
98.9%
in
98.9%
in
98.9%
in
98.9%
in
98.9%
in
98.9%
in
98.9%
wind
98.5%
wind
98.5%
wind
98.5%
wind
98.5%
wind
98.5%
wind
98.5%
blowin'
98.4%
blowin'
98.4%
blowin'
98.4%
blowin'
98.4%
blowin'
98.4%
blowin'
98.4%
is
97.9%
is
97.9%
is
97.9%
is
97.9%
is
97.9%
is
97.9%
is
97.9%
answer
97.1%
answer
97.1%
answer
97.1%
answer
97.1%
answer
97.1%
answer
97.1%
my
97%
% Correct
my
97%
my
97%
friend
96.9%
friend
96.9%
friend
96.9%
How
96.8%
How
96.8%
how
96.8%
how
96.8%
how
96.8%
how
96.8%
how
96.8%
how
96.8%
how
96.8%
man
96.7%
man?
96.7%
man
96.7%
man
96.7%
man
96.7%
many
96.5%
many
96.5%
many
96.5%
many
96.5%
many
96.5%
many
96.5%
many
96.5%
many
96.5%
many
96.5%
many
96.5%
must
95.4%
must
95.4%
must
95.4%
be
95.4%
must
95.4%
must
95.4%
Before
95.3%
Before
95.3%
Before
95.3%
Before
95.3%
Before
95.3%
Before
95.3%
Before
95.3%
can
93.2%
can
93.2%
can
93.2%
can
93.2%
can
93.2%
him
93%
call
92.7%
walk
92.2%
down
91.8%
roads
91.5%
you
89.9%
he
88.5%
he
88.5%
he
88.5%
he
88.5%
times
86.3%
times
86.3%
times
86.3%
they
83.5%
to
82.1%
to
82.1%
% Correct
it
79.6%
it
79.6%
see?
77.6%
see
77.6%
Yes
75.7%
Yes
75.7%
Yes
75.7%
Yes
75.7%
Yes
75.7%
Yes
75.7%
Yes
75.7%
sea?
75.4%
people
74.7%
people
74.7%
people
74.7%
she
74.1%
sand?
73.5%
years
72.9%
years
72.9%
white
72.4%
that
71.8%
That
71.8%
fly
71.1%
dove
70.4%
are
70.2%
free?
70.1%
have
68.7%
have
68.7%
sail
68.5%
just
67.2%
seas
66.9%
they're
66.9%
too
66.9%
exist
66.4%
exist
66.4%
his
66.3%
sleeps
64.6%
forever
64.2%
cannonballs
64%
doesn't
63.9%
will
63.8%
allowed
63.7%
some
63.4%
died?
63.1%
up
62.7%
banned?
62.5%
sky?
62.1%
head
61.1%
take
61%
cry?
60.9%
turn
60.8%
pretend
60.7%
mountain
60.1%
look
59.5%
one
58.6%
hear
58.5%
washed
58.2%
'til
56.9%
knows
56.7%
deaths
52.7%
ears
48.1%

You're not logged in!

Compare scores with friends on all Sporcle quizzes.
OR
Log In

You Might Also Like...

Show Comments

Extras

Top Quizzes Today


Score Distribution

Your Account Isn't Verified!

In order to create a playlist on Sporcle, you need to verify the email address you used during registration. Go to your Sporcle Settings to finish the process.

Report this User

Report this user for behavior that violates our Community Guidelines.

Details: